[Event "Bundesliga 9899"]
[Site "Deutschland"]
[Date "1998.10.17"]
[Round "1.5"]
[White "Koehn, Peter"]
[Black "Schwalfenberg, Joerg"]
[Result "1/2-1/2"]
[WhiteElo "2300"]
[BlackElo "2370"]
[PlyCount "48"]
[EventDate "1998.10.17"]
[EventType "team"]
[EventRounds "15"]
[EventCountry "GER"]
[SourceTitle "Bundesliga 9899"]
[Source "DeepChess"]
[SourceDate "2005.01.01"]
[SourceVersion "1"]
[SourceVersionDate "2005.01.01"]
[SourceQuality "1"]
[WhiteTeam "SV Wattenscheid 1930"]
[BlackTeam "SK Viernheim"]
[WhiteTeamCountry "GER"]
[BlackTeamCountry "GER"]

1. e4 c6 2. c4 d5 3. cxd5 cxd5 4. exd5 Nf6 5. Nc3 Nxd5 6. d4 e6 7. Nf3 Nc6 8.
Bd3 Be7 9. O-O O-O 10. Re1 Nxc3 11. bxc3 b6 12. Qe2 Bb7 13. h4 Bf6 14. Qe4 g6
15. h5 Ne5 16. Qxb7 Nxd3 17. Re3 Nxc1 18. Rxc1 Qd5 19. Qxd5 exd5 20. hxg6 hxg6
21. c4 dxc4 22. Rxc4 Rac8 23. Rec3 Rxc4 24. Rxc4 Rd8 1/2-1/2

[Event "Bundesliga 9899"]
[Site "Deutschland"]
[Date "1998.10.17"]
[Round "1.6"]
[White "Mandel, Andreas"]
[Black "Straeter, Timo"]
[Result "0-1"]
[WhiteElo "2340"]
[BlackElo "2300"]
[PlyCount "110"]
[EventDate "1998.10.17"]
[EventType "team"]
[EventRounds "15"]
[EventCountry "GER"]
[SourceTitle "Bundesliga 9899"]
[Source "DeepChess"]
[SourceDate "2005.01.01"]
[SourceVersion "1"]
[SourceVersionDate "2005.01.01"]
[SourceQuality "1"]
[WhiteTeam "SK Viernheim"]
[BlackTeam "SV Wattenscheid 1930"]
[WhiteTeamCountry "GER"]
[BlackTeamCountry "GER"]

1. d4 Nf6 2. Nf3 d5 3. c4 e6 4. Bg5 Be7 5. Nc3 O-O 6. e3 Nbd7 7. Rc1 a6 8. cxd5
exd5 9. Bd3 Re8 10. O-O c6 11. Qc2 Nf8 12. Ne5 Ng4 13. Bxe7 Qxe7 14. Nxg4 Bxg4
15. Rce1 Rad8 16. f3 Bh5 17. Qf2 Bg6 18. Bxg6 Nxg6 19. e4 dxe4 20. fxe4 Rd7 21.
e5 Red8 22. Re4 c5 23. dxc5 Nxe5 24. Re2 f6 25. Ne4 Qe6 26. b3 Qd5 27. h3 Nd3
28. Qg3 Kh8 29. Kh2 Nxc5 30. Nxc5 Qxc5 31. Rfe1 Kg8 32. Re6 Qc7 33. R1e2 Kf7
34. Qxc7 Rxc7 35. Rb6 Rdd7 36. Re4 h5 37. Reb4 Kg6 38. h4 Rc2 39. Rc4 Rxa2 40.
Rc3 Re2 41. Kh3 Re1 42. Rg3+ Kh6 43. Rc3 Rh1+ 44. Kg3 Rd2 45. Rxb7 Rg1 46. Rc6
Rgxg2+ 47. Kf3 Rg4 48. Rxa6 Rxh4 49. Raa7 Rg4 50. b4 Rb2 51. b5 Rb3+ 52. Kf2
Rc4 53. Ke2 Rc2+ 54. Kd1 Rg2 55. Kc1 Rf3 0-1

[Event "Bundesliga 9899"]
[Site "Deutschland"]
[Date "1998.10.17"]
[Round "1.7"]
[White "Franke, Johannes"]
[Black "Grund, Holger"]
[Result "1/2-1/2"]
[WhiteElo "2235"]
[BlackElo "2340"]
[PlyCount "159"]
[EventDate "1998.10.17"]
[EventType "team"]
[EventRounds "15"]
[EventCountry "GER"]
[SourceTitle "Bundesliga 9899"]
[Source "DeepChess"]
[SourceDate "2005.01.01"]
[SourceVersion "1"]
[SourceVersionDate "2005.01.01"]
[SourceQuality "1"]
[WhiteTeam "SV Wattenscheid 1930"]
[BlackTeam "SK Viernheim"]
[WhiteTeamCountry "GER"]
[BlackTeamCountry "GER"]

1. e4 c6 2. d4 d5 3. f3 dxe4 4. fxe4 e5 5. Nf3 Be6 6. c3 Nd7 7. Be3 Ngf6 8.
Nbd2 Be7 9. Qc2 O-O 10. Bd3 h6 11. O-O Ng4 12. Rae1 Bf6 13. Bc4 Qe7 14. Kh1
Nxe3 15. Rxe3 Bxc4 16. Nxc4 Rad8 17. Rd1 Rfe8 18. b4 exd4 19. cxd4 Nb6 20. Nxb6
axb6 21. a3 Rd7 22. g3 Qe6 23. Re2 Qg4 24. Kg2 h5 25. h3 Qe6 26. a4 g5 27. d5
Rxd5 28. Rxd5 cxd5 29. e5 d4 30. Qe4 Be7 31. Nxd4 Qc4 32. Nf5 Qxb4 33. Qxb7 Bf8
34. Rf2 Rxe5 35. Nd6 Re7 36. Qd5 Qc5 37. Qxc5 bxc5 38. Rf5 f6 39. Rxf6 Re2+ 40.
Kf3 Ra2 41. Ne4 Ra3+ 42. Kf2 Be7 43. Rf5 c4 44. Ke2 h4 45. gxh4 gxh4 46. a5 Bb4
47. Rf4 Bxa5 48. Rxh4 Ra2+ 49. Kd1 c3 50. Nxc3 Bxc3 51. Rc4 Be5 52. Re4 Bf6 53.
Rc4 Be5 54. Re4 Bf6 55. Rc4 Kf7 56. h4 Rh2 57. Rc2 Rh1+ 58. Ke2 Ke6 59. Kf3 Be5
60. Rc8 Rh3+ 61. Ke4 Rxh4+ 62. Ke3 Kd5 63. Rd8+ Bd6 64. Kf3 Rh3+ 65. Kg4 Rg3+
66. Kf5 Rf3+ 67. Kg4 Rf1 68. Ra8 Be5 69. Ra4 Bd4 70. Kg5 Ke4 71. Kg6 Rf6+ 72.
Kg5 Rb6 73. Kh5 Rb7 74. Kg4 Rg7+ 75. Kh4 Ke5 76. Kh3 Rg8 77. Rb4 Rg1 78. Ra4
Ke4 79. Kh4 Rg8 80. Rb4 1/2-1/2

[Event "Bundesliga 9899"]
[Site "Deutschland"]
[Date "1998.10.17"]
[Round "1.8"]
[White "Kratochwil, Christian"]
[Black "Sandkamp, Ralph"]
[Result "1/2-1/2"]
[WhiteElo "2250"]
[BlackElo "2245"]
[PlyCount "70"]
[EventDate "1998.10.17"]
[EventType "team"]
[EventRounds "15"]
[EventCountry "GER"]
[SourceTitle "Bundesliga 9899"]
[Source "DeepChess"]
[SourceDate "2005.01.01"]
[SourceVersion "1"]
[SourceVersionDate "2005.01.01"]
[SourceQuality "1"]
[WhiteTeam "SK Viernheim"]
[BlackTeam "SV Wattenscheid 1930"]
[WhiteTeamCountry "GER"]
[BlackTeamCountry "GER"]

1. c4 g6 2. e4 c5 3. Nf3 Bg7 4. d4 cxd4 5. Nxd4 Nc6 6. Be3 Nf6 7. Nc3 Ng4 8.
Qxg4 Nxd4 9. Qd1 Ne6 10. Rc1 Qa5 11. Qd2 b6 12. Qd5 Qxd5 13. cxd5 Nc7 14. Na4
Kd8 15. b3 Bb7 16. Bd3 Ba6 17. Ke2 Bxd3+ 18. Kxd3 Na6 19. a3 d6 20. b4 Rc8 21.
Bd4 Bxd4 22. Kxd4 Kd7 23. Nc3 Nc7 24. a4 e6 25. Nb5 Nxb5+ 26. axb5 e5+ 27. Ke3
Rxc1 28. Rxc1 Rc8 29. Rc6 Rf8 30. f4 f6 31. h4 Re8 32. Rc3 Rc8 33. Rc6 Re8 34.
Rc3 Rc8 35. Rc6 Re8 1/2-1/2

[Event "Bundesliga 9899"]
[Site "Deutschland"]
[Date "1998.10.18"]
[Round "2.2"]
[White "Hodgson, Julian M"]
[Black "Wahls, Matthias"]
[Result "1-0"]
[WhiteElo "2575"]
[BlackElo "2605"]
[PlyCount "43"]
[EventDate "1998.10.17"]
[EventType "team"]
[EventRounds "15"]
[EventCountry "GER"]
[SourceTitle "Bundesliga 9899"]
[Source "DeepChess"]
[SourceDate "2005.01.01"]
[SourceVersion "1"]
[SourceVersionDate "2005.01.01"]
[SourceQuality "1"]
[WhiteTeam "Delmenhorster SK 1931"]
[BlackTeam "Hamburger SK 1830 e.V."]
[WhiteTeamCountry "GER"]
[BlackTeamCountry "GER"]

1. d4 Nf6 2. Bg5 e6 3. e3 h6 4. Bxf6 Qxf6 5. f4 d6 6. Nf3 Nc6 7. Nbd2 Bd7 8. c3
e5 9. fxe5 dxe5 10. Bc4 O-O-O 11. O-O Qe7 12. Qe1 g6 13. d5 Nb8 14. e4 Re8 15.
Nh4 Rh7 16. Kh1 Qd8 17. Qf2 Bd6 18. b4 a6 19. Rab1 Qe7 20. a3 Rf8 21. Bd3 c5
22. Nc4 1-0

[Event "Bundesliga 9899"]
[Site "Deutschland"]
[Date "1998.10.18"]
[Round "2.4"]
[White "Gisbrecht, Ewgeni"]
[Black "Heinemann, Thies"]
[Result "1/2-1/2"]
[WhiteElo "2415"]
[BlackElo "2450"]
[PlyCount "25"]
[EventDate "1998.10.17"]
[EventType "team"]
[EventRounds "15"]
[EventCountry "GER"]
[SourceTitle "Bundesliga 9899"]
[Source "DeepChess"]
[SourceDate "2005.01.01"]
[SourceVersion "1"]
[SourceVersionDate "2005.01.01"]
[SourceQuality "1"]
[WhiteTeam "Delmenhorster SK 1931"]
[BlackTeam "Hamburger SK 1830 e.V."]
[WhiteTeamCountry "GER"]
[BlackTeamCountry "GER"]

1. Nf3 c5 2. c4 g6 3. g3 Bg7 4. Bg2 Nc6 5. Nc3 e6 6. e3 Nge7 7. O-O O-O 8. d4
cxd4 9. Nxd4 d5 10. cxd5 Nxd4 11. exd4 Nxd5 12. Nxd5 exd5 13. Be3 1/2-1/2

[Event "Bundesliga 9899"]
[Site "Deutschland"]
[Date "1998.10.18"]
[Round "2.5"]
[White "Wilhelmi, Christian"]
[Black "Lauber, Arnd"]
[Result "1/2-1/2"]
[WhiteElo "2445"]
[BlackElo "2370"]
[PlyCount "47"]
[EventDate "1998.10.17"]
[EventType "team"]
[EventRounds "15"]
[EventCountry "GER"]
[SourceTitle "Bundesliga 9899"]
[Source "DeepChess"]
[SourceDate "2005.01.01"]
[SourceVersion "1"]
[SourceVersionDate "2005.01.01"]
[SourceQuality "1"]
[WhiteTeam "Hamburger SK 1830 e.V."]
[BlackTeam "Delmenhorster SK 1931"]
[WhiteTeamCountry "GER"]
[BlackTeamCountry "GER"]

1. c4 Nf6 2. Nc3 e6 3. e4 c5 4. e5 Ng8 5. Nf3 d6 6. exd6 Bxd6 7. d4 cxd4 8.
Qxd4 Nf6 9. Bf4 Bxf4 10. Qxf4 O-O 11. Be2 Qb6 12. b3 Qa5 13. Qe5 Qxe5 14. Nxe5
Nbd7 15. Nd3 b6 16. Bf3 Rb8 17. Nb5 a5 18. O-O Ba6 19. Rac1 Rfc8 20. Rfd1 Kf8
21. Nd6 Rc7 22. Nb5 Rcc8 23. Nd6 Rc7 24. Nb5 1/2-1/2

[Event "Bundesliga 9899"]
[Site "Deutschland"]
[Date "1998.10.18"]
[Round "2.6"]
[White "Beckemeier, Werner"]
[Black "Michaelsen, Nils"]
[Result "1/2-1/2"]
[WhiteElo "2380"]
[BlackElo "2430"]
[PlyCount "57"]
[EventDate "1998.10.17"]
[EventType "team"]
[EventRounds "15"]
[EventCountry "GER"]
[SourceTitle "Bundesliga 9899"]
[Source "DeepChess"]
[SourceDate "2005.01.01"]
[SourceVersion "1"]
[SourceVersionDate "2005.01.01"]
[SourceQuality "1"]
[WhiteTeam "Delmenhorster SK 1931"]
[BlackTeam "Hamburger SK 1830 e.V."]
[WhiteTeamCountry "GER"]
[BlackTeamCountry "GER"]

1. d4 Nf6 2. Nf3 b6 3. Nc3 Bb7 4. Bg5 d5 5. Bxf6 exf6 6. e3 g6 7. Bd3 f5 8. h3
Nd7 9. g4 fxg4 10. hxg4 Bb4 11. Rh6 Qf6 12. g5 Qg7 13. Kd2 Nf6 14. Ne5 Ne4+ 15.
Bxe4 dxe4 16. Qg4 Rd8 17. Ke2 Ba6+ 18. Ke1 f5 19. gxf6 Qxf6 20. Qh4 Qxh4 21.
Rxh4 O-O 22. Rxe4 Rd6 23. Nd3 Bxd3 24. cxd3 Rdf6 25. f4 g5 26. Ke2 Bxc3 27.
bxc3 gxf4 28. Rg1+ Kh8 29. exf4 1/2-1/2

[Event "Bundesliga 9899"]
[Site "Deutschland"]
[Date "1998.10.18"]
[Round "2.7"]
[White "Reeh, Oliver"]
[Black "Breutigam, Martin"]
[Result "1-0"]
[WhiteElo "2425"]
[BlackElo "2360"]
[PlyCount "117"]
[EventDate "1998.10.17"]
[EventType "team"]
[EventRounds "15"]
[EventCountry "GER"]
[SourceTitle "Bundesliga 9899"]
[Source "DeepChess"]
[SourceDate "2005.01.01"]
[SourceVersion "1"]
[SourceVersionDate "2005.01.01"]
[SourceQuality "1"]
[WhiteTeam "Hamburger SK 1830 e.V."]
[BlackTeam "Delmenhorster SK 1931"]
[WhiteTeamCountry "GER"]
[BlackTeamCountry "GER"]

1. e4 e5 2. Bc4 Nf6 3. d3 Nc6 4. Nf3 d5 5. exd5 Nxd5 6. O-O Be7 7. Re1 Nb6 8.
Bb3 Bg4 9. h3 Bh5 10. g4 Bg6 11. Nc3 O-O 12. Nxe5 Nxe5 13. Rxe5 Kh8 14. Re1 f5
15. Ne2 Bd6 16. Nf4 Qh4 17. Qf3 fxg4 18. Qg3 Qxg3+ 19. fxg3 gxh3 20. Nxg6+ hxg6
21. Bf4 Bxf4 22. gxf4 g5 23. fxg5 Rf5 24. Re3 Rxg5+ 25. Kh2 g6 26. Rf1 Rf5 27.
Rxf5 gxf5 28. Re7 Rf8 29. Kxh3 Nc8 30. Rxc7 Nd6 31. Kg3 f4+ 32. Kf3 a5 33. a4
b5 34. axb5 Nxb5 35. Rc4 Kg7 36. Ba4 Nd6 37. Rxf4 Rb8 38. b3 Rh8 39. Rd4 Nf5
40. Rd5 Kf6 41. c4 Rh3+ 42. Kg2 Rh5 43. Kg1 Rh4 44. Rxa5 Rd4 45. b4 Kg5 46. Kf2
Kf4 47. Ke2 Ng3+ 48. Kd2 Ne4+ 49. Kc2 Nf2 50. b5 Nxd3 51. Kc3 Rd8 52. b6 Ne5
53. c5 Rb8 54. Ra6 Ke4 55. c6 Kd5 56. c7 Rc8 57. Ra5+ Kd6 58. Rxe5 Kxe5 59. Bd7
1-0

[Event "Bundesliga 9899"]
[Site "Deutschland"]
[Date "1998.10.18"]
[Round "2.2"]
[White "Casper, Thomas"]
[Black "Lanka, Zigurds"]
[Result "1/2-1/2"]
[WhiteElo "2415"]
[BlackElo "2525"]
[PlyCount "81"]
[EventDate "1998.10.17"]
[EventType "team"]
[EventRounds "15"]
[EventCountry "GER"]
[SourceTitle "Bundesliga 9899"]
[Source "DeepChess"]
[SourceDate "2005.01.01"]
[SourceVersion "1"]
[SourceVersionDate "2005.01.01"]
[SourceQuality "1"]
[WhiteTeam "Erfurter SK"]
[BlackTeam "Dresdner SC 1898"]
[WhiteTeamCountry "GER"]
[BlackTeamCountry "GER"]

1. e4 c5 2. Nf3 Nc6 3. Bb5 g6 4. O-O Bg7 5. Re1 e5 6. Bxc6 dxc6 7. d3 Qe7 8.
Be3 Nf6 9. h3 Nd7 10. Qc1 Nf8 11. c3 Ne6 12. Nbd2 O-O 13. Qc2 b6 14. Rad1 Ba6
15. Nc4 f6 16. Qa4 Bb7 17. Qb3 Kh8 18. d4 cxd4 19. cxd4 exd4 20. Nxd4 Nxd4 21.
Bxd4 c5 22. Bc3 Rad8 23. Rxd8 Qxd8 24. f3 Qe7 25. e5 f5 26. Nd6 Bc8 27. Nxc8
Rxc8 28. e6 Rd8 29. Qc4 h5 30. a4 Kh7 31. a5 Bd4+ 32. Kh1 Bxc3 33. Qxc3 h4 34.
axb6 axb6 35. Qe5 Rd2 36. Ra1 Rd8 37. Re1 Rd2 38. Ra1 Rd8 39. Ra6 Rd1+ 40. Kh2
Qd6 41. Qxd6 1/2-1/2

[Event "Bundesliga 9899"]
[Site "Deutschland"]
[Date "1998.10.18"]
[Round "2.3"]
[White "Maiwald, Jens Uwe"]
[Black "Kuczynski, Robert"]
[Result "1/2-1/2"]
[WhiteElo "2460"]
[BlackElo "2485"]
[PlyCount "31"]
[EventDate "1998.10.17"]
[EventType "team"]
[EventRounds "15"]
[EventCountry "GER"]
[SourceTitle "Bundesliga 9899"]
[Source "DeepChess"]
[SourceDate "2005.01.01"]
[SourceVersion "1"]
[SourceVersionDate "2005.01.01"]
[SourceQuality "1"]
[WhiteTeam "Dresdner SC 1898"]
[BlackTeam "Erfurter SK"]
[WhiteTeamCountry "GER"]
[BlackTeamCountry "GER"]

1. e4 c5 2. d3 Nc6 3. g3 g6 4. Bg2 Bg7 5. f4 d6 6. Nf3 e5 7. O-O Nge7 8. c3 O-O
9. Na3 exf4 10. gxf4 d5 11. Qe1 b6 12. Qg3 Ba6 13. c4 dxc4 14. dxc4 Nd4 15. Kh1
Bb7 16. Re1 1/2-1/2

[Event "Bundesliga 9899"]
[Site "Deutschland"]
[Date "1998.10.18"]
[Round "2.4"]
[White "Enders, Peter"]
[Black "Boensch, Uwe"]
[Result "0-1"]
[WhiteElo "2525"]
[BlackElo "2545"]
[PlyCount "126"]
[EventDate "1998.10.17"]
[EventType "team"]
[EventRounds "15"]
[EventCountry "GER"]
[SourceTitle "Bundesliga 9899"]
[Source "DeepChess"]
[SourceDate "2005.01.01"]
[SourceVersion "1"]
[SourceVersionDate "2005.01.01"]
[SourceQuality "1"]
[WhiteTeam "Erfurter SK"]
[BlackTeam "Dresdner SC 1898"]
[WhiteTeamCountry "GER"]
[BlackTeamCountry "GER"]

1. e4 c5 2. Nf3 d6 3. d4 cxd4 4. Nxd4 Nf6 5. Nc3 e6 6. g4 h6 7. Rg1 Nc6 8. Be3
a6 9. Be2 Be7 10. Qd2 Nxd4 11. Qxd4 e5 12. Qd3 Be6 13. O-O-O Qa5 14. Kb1 Rc8
15. Nd5 Nxd5 16. exd5 Bd7 17. Qe4 g6 18. Bd3 Bf6 19. h4 h5 20. Qf3 Qd8 21. gxh5
gxh5 22. Bb6 Qe7 23. Bf5 Bxh4 24. Rg7 Bxf5 25. Qxf5 Qd7 26. Rxf7 Qxf5 27. Rxf5
Be7 28. f4 e4 29. Kc1 h4 30. Kd2 h3 31. Rh1 h2 32. c3 Rh7 33. Ke3 Kd7 34. Kxe4
Rg8 35. Kf3 Rh3+ 36. Kf2 Ke8 37. Kf1 Rg6 38. Bd4 b5 39. Kf2 a5 40. Bb6 b4 41.
Bd4 bxc3 42. bxc3 a4 43. a3 Rh7 44. Kf1 Bd8 45. Kf2 Bh4+ 46. Ke2 Rg2+ 47. Kd3
Be7 48. Kc4 Rb2 49. Be3 Rb3 50. Bd4 Rxa3 51. Kb5 Kd7 52. Kb4 Ra2 53. Kb5 Ke8
54. Ka5 Bh4 55. Kb5 Rb2+ 56. Kc6 Be7 57. Rg5 Bxg5 58. fxg5 Rg2 59. Kxd6 a3 60.
Kc6 a2 61. d6 Rg1 62. g6 Rxg6 63. c4 Rg4 0-1

[Event "Bundesliga 9899"]
[Site "Deutschland"]
[Date "1998.10.18"]
[Round "2.5"]
[White "Tischbierek, Raj"]
[Black "Mueller, Matthias"]
[Result "1-0"]
[WhiteElo "2525"]
[BlackElo "2385"]
[PlyCount "59"]
[EventDate "1998.10.17"]
[EventType "team"]
[EventRounds "15"]
[EventCountry "GER"]
[SourceTitle "Bundesliga 9899"]
[Source "DeepChess"]
[SourceDate "2005.01.01"]
[SourceVersion "1"]
[SourceVersionDate "2005.01.01"]
[SourceQuality "1"]
[WhiteTeam "Dresdner SC 1898"]
[BlackTeam "Erfurter SK"]
[WhiteTeamCountry "GER"]
[BlackTeamCountry "GER"]

1. g3 d5 2. Bg2 c5 3. Nf3 Nf6 4. O-O Nc6 5. d3 e6 6. Nbd2 Be7 7. e4 O-O 8. Re1
b5 9. e5 Nd7 10. Nf1 a5 11. h4 b4 12. Bf4 Ba6 13. Ng5 Qe8 14. c4 bxc3 15. bxc3
h6 16. Nh3 Rb8 17. c4 Nb6 18. Ne3 dxc4 19. dxc4 Nd4 20. Qg4 Kh8 21. Rab1 Nxc4
22. Bxh6 gxh6 23. Qh5 f5 24. Qxh6+ Kg8 25. Rxb8 Qxb8 26. Qg6+ Kh8 27. Nd5 Qd8
28. Nhf4 Nxe5 29. Rxe5 Bd6 30. Nxe6 1-0

[Event "Bundesliga 9899"]
[Site "Deutschland"]
[Date "1998.10.18"]
[Round "2.6"]
[White "Renner, Christoph"]
[Black "Uhlmann, Wolfgang"]
[Result "1-0"]
[WhiteElo "2420"]
[BlackElo "2495"]
[PlyCount "123"]
[EventDate "1998.10.17"]
[EventType "team"]
[EventRounds "15"]
[EventCountry "GER"]
[SourceTitle "Bundesliga 9899"]
[Source "DeepChess"]
[SourceDate "2005.01.01"]
[SourceVersion "1"]
[SourceVersionDate "2005.01.01"]
[SourceQuality "1"]
[WhiteTeam "Erfurter SK"]
[BlackTeam "Dresdner SC 1898"]
[WhiteTeamCountry "GER"]
[BlackTeamCountry "GER"]

1. Nf3 Nf6 2. c4 g6 3. Nc3 Bg7 4. d4 O-O 5. Bf4 d6 6. e3 Nfd7 7. Be2 e5 8. Bg3
Nc6 9. O-O f5 10. Bh4 Bf6 11. Bxf6 Nxf6 12. dxe5 Nxe5 13. Qb3 Nf7 14. Rfd1 c6
15. Bf1 Qe7 16. Nd4 a5 17. g3 Nd7 18. Bg2 Nfe5 19. Qc2 Nc5 20. Na4 Nxa4 21.
Qxa4 g5 22. f4 Ng4 23. Re1 Bd7 24. Rad1 Qg7 25. Qa3 Rae8 26. fxg5 Ne5 27. b3
Qxg5 28. Qxd6 Bc8 29. Nf3 Nxf3+ 30. Bxf3 Rxe3 31. Rxe3 Qxe3+ 32. Kg2 a4 33. Qd4
Qxd4 34. Rxd4 axb3 35. axb3 Be6 36. b4 Ra8 37. b5 Ra2+ 38. Kg1 Rc2 39. Rd8+ Kg7
40. Rb8 Rc1+ 41. Kf2 Rc2+ 42. Ke3 cxb5 43. cxb5 Kf6 44. Bxb7 Rxh2 45. b6 Rb2
46. Bc6 Bc8 47. Kd4 Ba6 48. Kc5 Rc2+ 49. Kd6 Rd2+ 50. Kc7 Rc2 51. Kd6 Rd2+ 52.
Kc7 Rc2 53. Rd8 Kg5 54. Rd5 Ra2 55. Rd4 Rc2 56. Rd5 Ra2 57. Bd7 Kg4 58. Bxf5+
Kxg3 59. Bxh7 Ra3 60. Rc5 Kf4 61. Bf5 Rg3 62. Bd7 1-0

[Event "Bundesliga 9899"]
[Site "Deutschland"]
[Date "1998.10.18"]
[Round "2.7"]
[White "Borriss, Martin"]
[Black "Troyke, Christian"]
[Result "1/2-1/2"]
[WhiteElo "2430"]
[BlackElo "2400"]
[PlyCount "81"]
[EventDate "1998.10.17"]
[EventType "team"]
[EventRounds "15"]
[EventCountry "GER"]
[SourceTitle "Bundesliga 9899"]
[Source "DeepChess"]
[SourceDate "2005.01.01"]
[SourceVersion "1"]
[SourceVersionDate "2005.01.01"]
[SourceQuality "1"]
[WhiteTeam "Dresdner SC 1898"]
[BlackTeam "Erfurter SK"]
[WhiteTeamCountry "GER"]
[BlackTeamCountry "GER"]

1. e4 c5 2. Nf3 Nc6 3. d4 cxd4 4. Nxd4 g6 5. c4 Bg7 6. Be3 Nf6 7. Nc3 O-O 8.
Be2 b6 9. O-O Bb7 10. Nxc6 dxc6 11. e5 Ne8 12. f4 f6 13. c5 b5 14. Qb3+ Kh8 15.
Rad1 Qc8 16. Ne4 a5 17. a3 Ba6 18. Bd4 Rb8 19. exf6 Nxf6 20. Ng5 Nd5 21. Bxg7+
Kxg7 22. Bf3 h6 23. Bxd5 cxd5 24. Qc3+ Kg8 25. Nf3 b4 26. Qc2 Qf5 27. Qxf5 Rxf5
28. Rfe1 bxa3 29. bxa3 Rxf4 30. Rxe7 Re4 31. Rxe4 dxe4 32. Ne5 e3 33. Re1 e2
34. Nxg6 Rb3 35. Nf4 Rxa3 36. Nxe2 Bxe2 37. Rxe2 Rc3 38. Re6 Kg7 39. c6 a4 40.
Re7+ Kf6 41. Ra7 1/2-1/2

[Event "Bundesliga 9899"]
[Site "Deutschland"]
[Date "1998.10.18"]
[Round "2.8"]
[White "Fuhrmann, Daniel"]
[Black "Gauglitz, Gernot"]
[Result "0-1"]
[WhiteElo "2300"]
[BlackElo "2400"]
[PlyCount "78"]
[EventDate "1998.10.17"]
[EventType "team"]
[EventRounds "15"]
[EventCountry "GER"]
[SourceTitle "Bundesliga 9899"]
[Source "DeepChess"]
[SourceDate "2005.01.01"]
[SourceVersion "1"]
[SourceVersionDate "2005.01.01"]
[SourceQuality "1"]
[WhiteTeam "Erfurter SK"]
[BlackTeam "Dresdner SC 1898"]
[WhiteTeamCountry "GER"]
[BlackTeamCountry "GER"]

1. d4 Nf6 2. c4 g6 3. Nc3 d5 4. cxd5 Nxd5 5. Bd2 Bg7 6. Nf3 O-O 7. e4 Nb6 8.
Be3 Bg4 9. Be2 Bxf3 10. gxf3 Nc6 11. d5 Ne5 12. Qb3 c6 13. f4 Ned7 14. dxc6
bxc6 15. h4 e6 16. h5 Re8 17. hxg6 hxg6 18. Rd1 Qe7 19. Qc2 Rad8 20. a3 Nb8 21.
Rc1 N8d7 22. e5 Nd5 23. Ne4 Nxe3 24. fxe3 Rb8 25. Kf2 a5 26. Nd6 Red8 27. Nc4
Rb5 28. Qe4 Rd5 29. Qc2 Rb8 30. Rh2 Rc5 31. b3 Rcb5 32. Nd2 R5b6 33. a4 Rb4 34.
Bc4 Nb6 35. Be2 Rd8 36. Ne4 Nd5 37. Rch1 Qa7 38. Nc5 Nxf4 39. exf4 Rd5 0-1

[Event "Bundesliga 9899"]
[Site "Deutschland"]
[Date "1998.10.18"]
[Round "2.3"]
[White "Thesing, Matthias"]
[Black "King, Daniel J"]
[Result "1/2-1/2"]
[WhiteElo "2435"]
[BlackElo "2530"]
[PlyCount "122"]
[EventDate "1998.10.17"]
[EventType "team"]
[EventRounds "15"]
[EventCountry "GER"]
[SourceTitle "Bundesliga 9899"]
[Source "DeepChess"]
[SourceDate "2005.01.01"]
[SourceVersion "1"]
[SourceVersionDate "2005.01.01"]
[SourceQuality "1"]
[WhiteTeam "PSV Turm Duisburg 1920 e.V."]
[BlackTeam "SV Castrop Rauxel 1923"]
[WhiteTeamCountry "GER"]
[BlackTeamCountry "GER"]

1. e4 e6 2. d4 d5 3. exd5 exd5 4. Nf3 Bg4 5. Bd3 Bd6 6. O-O Ne7 7. Re1 Nbc6 8.
c3 Qd7 9. Nbd2 O-O 10. Nf1 h6 11. Ng3 f5 12. h3 f4 13. Nf1 Bf5 14. N1h2 Rae8
15. Qc2 a6 16. Bd2 Bxd3 17. Qxd3 Qf5 18. Qxf5 Nxf5 19. Rxe8 Rxe8 20. Re1 Re4
21. Kf1 Kf7 22. Bc1 g5 23. h4 Rxe1+ 24. Kxe1 Kg6 25. hxg5 hxg5 26. Ng4 Nfe7 27.
Ke2 Kf5 28. Nh6+ Kg6 29. Ng4 Ng8 30. Bd2 Kf5 31. Nfh2 Nd8 32. f3 Ne6 33. Nf1
Ne7 34. Kf2 c5 35. dxc5 Nxc5 36. b3 Ke6 37. g3 Nf5 38. gxf4 gxf4 39. Ke2 b5 40.
Nf2 Nh4 41. Nh3 Kf5 42. Nh2 Ne6 43. Be1 Ng6 44. Ng4 Bf8 45. Nhf2 Ne7 46. Nd3
Nc6 47. Bd2 Bg7 48. Kf2 a5 49. Ke2 Na7 50. Ngf2 Nc8 51. Nh3 Bh6 52. Be1 Bf8 53.
Bf2 Bd6 54. Kd2 Ne7 55. Kc2 Nc6 56. Kd2 b4 57. cxb4 axb4 58. Kd1 Ned4 59. Ng1
Nb5 60. Ne2 d4 61. Kc2 Na3+ 1/2-1/2

[Event "Bundesliga 9899"]
[Site "Deutschland"]
[Date "1998.10.18"]
[Round "2.4"]
[White "Gallagher, Joseph G"]
[Black "Volke, Karsten"]
[Result "1-0"]
[WhiteElo "2490"]
[BlackElo "2460"]
[PlyCount "89"]
[EventDate "1998.10.17"]
[EventType "team"]
[EventRounds "15"]
[EventCountry "GER"]
[SourceTitle "Bundesliga 9899"]
[Source "DeepChess"]
[SourceDate "2005.01.01"]
[SourceVersion "1"]
[SourceVersionDate "2005.01.01"]
[SourceQuality "1"]
[WhiteTeam "SV Castrop Rauxel 1923"]
[BlackTeam "PSV Turm Duisburg 1920 e.V."]
[WhiteTeamCountry "GER"]
[BlackTeamCountry "GER"]

1. d4 Nf6 2. c4 g6 3. Nc3 Bg7 4. e4 d6 5. f3 O-O 6. Nge2 c5 7. d5 Na6 8. Ng3
Nc7 9. a4 e6 10. Be2 b6 11. O-O Ba6 12. Bf4 Nfe8 13. Qd2 Bd4+ 14. Kh1 Ng7 15.
Bd3 h5 16. Bg5 Bf6 17. Bxf6 Qxf6 18. f4 e5 19. Nge2 h4 20. fxe5 Qxe5 21. Ng1
Nh5 22. Qh6 Qg7 23. Qg5 Rae8 24. Qxh4 Bc8 25. Be2 Re5 26. Nf3 Ree8 27. Ng5 f6
28. Nh3 Bxh3 29. Qxh3 Re5 30. Bg4 Qe7 31. Rf2 Ng7 32. Raf1 Rg5 33. Qf3 Nge8 34.
Kg1 Kg7 35. h4 Re5 36. h5 gxh5 37. Bf5 Rh8 38. Ne2 Rh6 39. Nf4 Qf7 40. Qg3+ Kh8
41. Ng6+ Rxg6 42. Bxg6 Qd7 43. Rf5 Qxa4 44. Bf7 Ng7 45. Rxf6 1-0

[Event "Bundesliga 9899"]
[Site "Deutschland"]
[Date "1998.10.18"]
[Round "2.5"]
[White "Kraut, Rainer"]
[Black "Seul, Georg"]
[Result "1/2-1/2"]
[WhiteElo "2470"]
[BlackElo "2435"]
[PlyCount "31"]
[EventDate "1998.10.17"]
[EventType "team"]
[EventRounds "15"]
[EventCountry "GER"]
[SourceTitle "Bundesliga 9899"]
[Source "DeepChess"]
[SourceDate "2005.01.01"]
[SourceVersion "1"]
[SourceVersionDate "2005.01.01"]
[SourceQuality "1"]
[WhiteTeam "PSV Turm Duisburg 1920 e.V."]
[BlackTeam "SV Castrop Rauxel 1923"]
[WhiteTeamCountry "GER"]
[BlackTeamCountry "GER"]

1. e4 d6 2. d4 g6 3. Nc3 Bg7 4. Be3 a6 5. a4 Nc6 6. Nf3 Bg4 7. Be2 e5 8. dxe5
dxe5 9. Qxd8+ Rxd8 10. Nd5 Rd7 11. c3 Be6 12. O-O-O h6 13. Ne1 Nf6 14. Nxf6+
Bxf6 15. Rxd7 Bxd7 16. Nd3 1/2-1/2